Artists and writers in Paris : (Record no. 76339)
[ view plain ]
| 000 -LEADER | |
|---|---|
| fixed length control field | 01424nam a2200433 a 4500 |
| 001 - CONTROL NUMBER | |
| control field | 76339 |
| 003 - CONTROL NUMBER IDENTIFIER | |
| rucl marc code | BD-RjUL |
| 005 - DATE AND TIME OF LATEST TRANSACTION | |
| control field | 20211209082828.0 |
| 008 - FIXED-LENGTH DATA ELEMENTS--GENERAL INFORMATION | |
| fixed length control field | 191125s1964 enka 001 0 eng d |
| 035 ## - SYSTEM CONTROL NUMBER | |
| System control number | oxf98200829 |
| System control number | (BD-RjUL)76560 |
| 040 ## - CATALOGING SOURCE | |
| Original cataloging agency | WOO |
| Modifying agency | m.c |
| Language of cataloging | eng |
| Transcribing agency | BD-RjUL |
| 041 ## - LANGUAGE CODE | |
| Language code of text/sound track or separate title | eng |
| 082 ## - DEWEY DECIMAL CLASSIFICATION NUMBER | |
| Edition number | 23 |
| Classification number | 306.1 |
| Author mark and year | EAA 1964 |
| 092 ## - LOCALLY ASSIGNED DEWEY CALL NUMBER (OCLC) | |
| Classification number | D0400298058 |
| 099 ## - LOCAL FREE-TEXT CALL NUMBER (OCLC) | |
| Bangla Class number | *ML FW - 7-VQV - G4 |
| Bangla Class number | *ML FW - 7&HV - G4 |
| Bangla Class number | *ML H=K-L - CQV&V - G4 |
| Bangla Class number | *ML A.3VN-L - 5&V - G4 |
| 100 1# - MAIN ENTRY--PERSONAL NAME | |
| Personal name | Easton, Malcolm. |
| 9 (RLIN) | 235507 |
| 245 10 - TITLE STATEMENT | |
| Title | Artists and writers in Paris : |
| Remainder of title | the Bohemian idea, 1803-1867 / |
| Statement of responsibility, etc. | by Malcolm Easton. |
| 260 ## - PUBLICATION, DISTRIBUTION, ETC. (IMPRINT) | |
| Place of publication, distribution, etc. | London : |
| Name of publisher, distributor, etc. | E. Arnold, |
| Date of publication, distribution, etc. | 1964. |
| 300 ## - PHYSICAL DESCRIPTION | |
| Pagination | viii, 205 p. : |
| Illustrations | ill., port ; |
| Size | 23 cm. |
| 504 ## - BIBLIOGRAPHY, ETC. NOTE | |
| Bibliography, etc | Bibliographical references included in "Notes" (p.178-187). |
| Bibliography, etc | Bibliography: p. 188-191. |
| 650 #0 - SUBJECT ADDED ENTRY--TOPICAL TERM | |
| Topical term or geographic name as entry element | Bohemianism. |
| 9 (RLIN) | 65879 |
| Topical term or geographic name as entry element | Artists in literature. |
| 9 (RLIN) | 235508 |
| Topical term or geographic name as entry element | French fiction |
| Chronological subdivision | 19th century |
| General subdivision | History and criticism. |
| 9 (RLIN) | 235509 |
| 651 #0 - SUBJECT ADDED ENTRY--GEOGRAPHIC NAME | |
| Geographic name | Paris (France) |
| General subdivision | Intellectual life. |
| 9 (RLIN) | 235510 |
| 942 ## - ADDED ENTRY ELEMENTS (KOHA) | |
| Source of classification or shelving scheme | Dewey Decimal Classification |
| Koha item type | Books |
| Lost status | Source of classification or shelving scheme | Damaged status | Not for loan | Collection code | Permanent Location | Current Location | Shelving location | Date acquired | Source of acquisition | Cost, normal purchase price | Total Checkouts | Full call number | Date last seen | Copy number | Koha item type |
|---|---|---|---|---|---|---|---|---|---|---|---|---|---|---|---|
| Dewey Decimal Classification | Not For Loan | Non-fiction | Central Library, University of Rajshahi | Central Library, University of Rajshahi | Reading Room | 27/11/1969 | Zetlinger | 0.00 | 306.1 EAA 1964 | 25/11/2019 | C-1 | Books |